Представление документа в формате RUSMARC

ПолеНазваниеЗначение
  Тип записи a
  Библиографический уровень m
001 Контрольный номер RU/IS/BASE/190744666
005 Дата корректировки 20180510181746.1
010 Индекс ISBN __
d Цена 182-81
200 Заглавие и сведения об ответственности 1_
a Заглавие Экономика библиотеки в вопросах и ответах
e Сведения, относящиеся к заглавию учеб.-метод. пособие
f Первые сведения об ответственности ГПНТБ СО РАН; Сибир. регион. библ. центр непрерывного образования
210 Выходные данные __
a Место издания Новосибирск
c Издательство ГПНТБ СО РАН
d Дата издания 2005
215 Физическое описание __
a Объем 47, [1] с.
318 Примечание о действии __
a Действие п
330 Аннотация __
a Аннотация В учебном пособии в форме вопросов и ответов раскрываются основные проблемы курса "Экономика библиотечной деятельности".
606 Тематические рубрики __
a Основная рубрика Библиотечное дело
606 Тематические рубрики __
a Основная рубрика экономика
610 Ключевые слова __
a Ключевые слова библиотеки
a Ключевые слова библиотечная деятельность
a Ключевые слова библиотечное обслуживание
a Ключевые слова библиотечные кадры
a Ключевые слова управление библиотеками
a Ключевые слова учебно-методические пособия
686 Индексы других классификаций __
a Индекс ББК 78.34(2)
686 Индексы других классификаций __
a Индекс ББК 65.497.8
700 Автор _1
a Фамилия Кожевникова
b Имя Л. А.
801 Источник записи _0
a Страна RU
b Организация ЦРБ, Сургут
g Правила каталогизации ОКиО/Зайцева
801 Источник записи _1
a Страна RU
b Организация ЦРБ, Сургут
g Правила каталогизации ОКиО/Зайцева
852 Данные о местонахождении __
j Шифр хранения 78.34(2)
i Авторский знак К 583
p Инвентарный номер б/н
b Сигла хранения МО-2
901 Тип документа __
t Тип документа m
990 Данные о заказе (DOS) __
h N записи в КСУ для Б/У (DOS) 2006-1
j Количество экземпляров (DOS) 2